Gramophone record libraries : (Record no. 133669)

MARC details
000 -LEADER
fixed length control field 00866nam a22002657a 4500
005 - DATE AND TIME OF LATEST TRANSACTION
control field 20170124110213.0
010 ## - LIBRARY OF CONGRESS CONTROL NUMBER
LC control number 663967
020 ## - INTERNATIONAL STANDARD BOOK NUMBER
Terms of availability 00.00
International Standard Book Number 0.258.968028
035 ## - SYSTEM CONTROL NUMBER
System control number 663967
037 ## - SOURCE OF ACQUISITION
Source of stock number/acquisition Cen Lib/Ret
040 ## - CATALOGING SOURCE
Original cataloging agency DPL
Language of cataloging EN
082 ## - DEWEY DECIMAL CLASSIFICATION NUMBER
Classification number 025.178
Item number GRA
245 ## - TITLE STATEMENT
Title Gramophone record libraries :
Statement of responsibility, etc edited by Henry F. J. Currall [and] A. Hyatt King
Remainder of title their organisation and practice /
250 ## - EDITION STATEMENT
Edition statement 2nd ed
260 ## - PUBLICATION, DISTRIBUTION, ETC. (IMPRINT)
Place of publication, distribution, etc London
Name of publisher, distributor, etc Crosby Lockwood
Date of publication, distribution, etc 1970
270 ## - ADDRESS
Address 26 Old Bromton Road
City London
300 ## - PHYSICAL DESCRIPTION
Extent xiv,303p. :
Dimensions 21cm(Hb)
Other physical details ill.
490 ## - SERIES STATEMENT
Series statement New librarianship series
500 ## - GENERAL NOTE
General note Includes index
650 ## - SUBJECT ADDED ENTRY--TOPICAL TERM
Topical term or geographic name as entry element Sound recordings--Library resources
9 (RLIN) 38584
650 ## - SUBJECT ADDED ENTRY--TOPICAL TERM
Topical term or geographic name as entry element Sound recording libraries
9 (RLIN) 38585
700 ## - ADDED ENTRY--PERSONAL NAME
Personal name Currall, Henry F. J.
9 (RLIN) 38579
700 ## - ADDED ENTRY--PERSONAL NAME
Personal name King, A. Hyatt
9 (RLIN) 38580
942 ## - ADDED ENTRY ELEMENTS (KOHA)
Source of classification or shelving scheme Dewey Decimal Classification
Koha item type English Books
Classification part 025.178
Call number suffix GRA
Holdings
Withdrawn status Lost status Damaged status Not for loan Collection code Home library Current library Date acquired Source of acquisition Cost, normal purchase price Total Checkouts Full call number Barcode Date last seen Copy number Cost, replacement price Price effective from Koha item type
      Not For Loan Reference Central Library Central Library 27/07/2015 Cen Lib/Ret 0.00   025.178 GRA 663967 27/07/2015 1 0.00 27/07/2015 English Books

© Delhi Public Library
Hit Counter
free hit counter